Modern portfolio theory, the capital asset pricing model, and arbitrage pricing theory : a user's guide

Αποθηκεύτηκε σε:
Λεπτομέρειες βιβλιογραφικής εγγραφής
Κύριος συγγραφέας: Harrington, Diana R. 1940-
Μορφή: Βιβλίο
Γλώσσα:English
Δημοσίευση: Englewood Cliffs, N.J. : Prentice-Hall, c1987
Έκδοση:2nd ed.
Θέματα:
Ετικέτες: Προσθήκη ετικέτας
Δεν υπάρχουν, Καταχωρήστε ετικέτα πρώτοι!

MARC

LEADER 00000cam a2200000 i 4500
001 1/26980
008 950926s1987 eng d
020 |a 0135972612 ((pbk.)) 
035 |l 10022773 
040 |a GR-MY-UA  |b gre  |e aacr 
041 0 |a eng 
082 0 |a 332.6  |2 (19) 
100 1 |a Harrington, Diana R.  |d 1940- 
245 1 0 |a Modern portfolio theory, the capital asset pricing model, and arbitrage pricing theory :  |b a user's guide /  |c Diana R. Harrington 
250 |a 2nd ed. 
260 |a Englewood Cliffs, N.J. :   |b Prentice-Hall,   |c c1987 
300 |a x, 229 σ.;  |b εικ.;  |c 23 εκ. 
500 |a Previous ed. published as: Modern portfolio theory and the capital asset pricing model. 1983 
504 |a Περιλαμβάνει βιβλιογραφικές παραπομπές και ευρετήριο 
650 0 0 |a Capital assets pricing model. 
650 0 0 |a Portfolio management. 
650 0 0 |a Arbitrage. 
700 1 |a Harrington, Diana R.  |d 1940- 
852 |a INST  |b CHIOS  |e 19950926  |h 332.6 HAR  |p 005200003360  |q 005200003360  |t BK  |y 0 
909 |a Χ  |b 024320